000 00529nam a2200217Ia 4500
003 OSt
005 20230411152954.0
008 210423s2013 xx 000 0 und d
020 _a978-8-184-00575-2
040 _cAL
041 _aeng
082 _a823.914
_223
_bLAHL
100 _aLAHIRI (Jhumpa)
_986300
245 _aLowland: a novel
260 _aHaryana
_bPenguin Books Ltd
_c2013
300 _a415
_bPB
365 _b399
_cINR
650 _aEnglish Fiction
_986301
906 _aLowland: ; novel
942 _2ddc
_cBK
999 _c169668
_d169668